000
00280nam a22001217a 4500
008
180123b xxu||||| |||| 00| 0 eng d
041
_a
eng
080
_a
159.9 ARO
100
_a
48
101
_a
PSI
245
_a
Understanding Alzheimer's Disease
_c
Aronson,M.K
942
_2
udc
_c
BK
999
_c
40734
_d
40734